000 00442nam a2200145Ia 4500
008 100415s9999 xx 000 0 und d
082 _b4355
_a595.7
100 _aR.A.E
245 _aReview Of Applied Entomology Series B Vol.24
260 _aLONDON
_c1937
_bImperial Bureau Of Entomology
365 _b0
630 _aReview Of Applied Entomology Series B Vol.24
730 _aReview Of Applied Entomology Series B Vol.24
942 _cBOOK
999 _c587340
_d587337